Christ and the fine arts; (Record no. 5051)
[ view plain ]
| 000 -LEADER | |
|---|---|
| fixed length control field | 00887cam a2200289I 4500 |
| 001 - CONTROL NUMBER | |
| control field | 25910 |
| 003 - CONTROL NUMBER IDENTIFIER | |
| control field | GBCCL |
| 005 - DATE AND TIME OF LATEST TRANSACTION | |
| control field | 20241126110532.0 |
| 008 - FIXED-LENGTH DATA ELEMENTS--GENERAL INFORMATION | |
| fixed length control field | 840214s1959 nyua 001 0 eng |
| 010 ## - | |
| -- | 59005221 /L |
| 035 ## - SYSTEM CONTROL NUMBER | |
| System control number | (OCoLC)10412793 |
| 040 ## - CATALOGING SOURCE | |
| Original cataloging agency | DLC |
| Transcribing agency | IMC |
| Modifying agency | OCL |
| -- | m/c |
| -- | OCL |
| -- | LBB |
| 049 ## - | |
| -- | LBBK |
| 050 0# - | |
| -- | BT199 |
| -- | .M3 1959 |
| 082 ## - DEWEY DECIMAL CLASSIFICATION NUMBER | |
| Classification number | 232.9 |
| Item number | MAU |
| 092 0# - LOCALLY ASSIGNED DEWEY CALL NUMBER (OCLC) | |
| Classification number | 704.948 |
| Item number | M459, 1959 |
| 100 1# - MAIN ENTRY--PERSONAL NAME | |
| Personal name | Maus, Cynthia Pearl, |
| Dates associated with a name | 1880- |
| 9 (RLIN) | 9109 |
| 245 10 - TITLE STATEMENT | |
| Title | Christ and the fine arts; |
| Remainder of title | an anthology of pictures, poetry, music, and stories centering in the life of Christ. |
| 250 ## - EDITION STATEMENT | |
| Edition statement | Rev. and enl. ed. |
| 260 ## - PUBLICATION, DISTRIBUTION, ETC. | |
| Place of publication, distribution, etc. | New York, |
| Name of publisher, distributor, etc. | Harper |
| Date of publication, distribution, etc. | [1959] |
| 300 ## - PHYSICAL DESCRIPTION | |
| Extent | 813 p. |
| Other physical details | illus. |
| Dimensions | 24 cm. |
| 504 ## - BIBLIOGRAPHY, ETC. NOTE | |
| Bibliography, etc. note | Includes bibliography. |
| 600 00 - SUBJECT ADDED ENTRY--PERSONAL NAME | |
| Personal name | Jesus Christ |
| Form subdivision | Art. |
| 9 (RLIN) | 9110 |
| 600 00 - SUBJECT ADDED ENTRY--PERSONAL NAME | |
| Personal name | Jesus Christ |
| Form subdivision | Biography. |
| 9 (RLIN) | 2912 |
| 600 00 - SUBJECT ADDED ENTRY--PERSONAL NAME | |
| Personal name | Jesus Christ |
| Form subdivision | Poetry. |
| 9 (RLIN) | 5214 |
| 942 ## - ADDED ENTRY ELEMENTS (KOHA) | |
| Source of classification or shelving scheme | Dewey Decimal Classification |
| Koha item type | Books |
| Koha issues (borrowed), all copies | 2 |
| Withdrawn status | Lost status | Source of classification or shelving scheme | Damaged status | Not for loan | Home library | Current Library | Shelving location | Date acquired | Total checkouts | Total renewals | Full call number | Barcode | Date last seen | Date last checked out | Copy number | Price effective from | Koha item type |
|---|---|---|---|---|---|---|---|---|---|---|---|---|---|---|---|---|---|
| Dewey Decimal Classification | GRACE BIBLE COLLEGE | GRACE BIBLE COLLEGE | Theology | 2018-02-23 | 2 | 1 | 232.9 MAU | 006583 | 2025-05-01 | 2022-03-29 | c.1 | 2018-02-23 | Books |